000 00387nam a22001697a 4500
005 20160530095447.0
008 160530b xxu||||| |||| 00| 0 eng d
020 _a81-7660-028-8
041 _aeng
082 _b5913
100 _aGupta, Prof, P.K.
_91476
245 _aMarketing Management and Research
260 _bHPH
300 _a420
650 _aManagement
_9241
942 _cBK
999 _c2093
_d2092